000 00815nam a22002057a 4500
999 _c61684
_d61684
005 20240416165332.0
008 240416s2005 enk||||| |||| 00| 0 eng d
020 _a9780781751162x
041 _aeng
080 _a616-006.6 B-34
245 _aBethesda Handbook Of Clinical Oncology /
_cEditor Jame Abraham, Gulley, James L., Allegra, Carmen J.
250 _aSecond edition
264 _aPhiladelphia :
_b Lippincott Williams & Wilkins,
_c2005.
300 _a688 p.:
_bill.;
_c24 cm.
653 _aკლინიკური ონკოლოგიის სახელმძღვანელო
653 _aმედიცინა
700 _aGulley, James L.
_eრედაქტორი
_921825
700 _aAllegra, Carmen J.
_eრედაქტორი
_921826
942 _2udc
_cᲬᲘᲒᲜᲘ